El Casament de la Xela : comèdia en tres actes / Xavier Benguerel comèdia en tres actes / Xavier Benguerel

per Benguerel, Xavier

Descripció física: 125 p. ; 24 cm
Altres autors: Calsina, Ramon

MARC

LEADER 00000nam a2200000Ia 4500
001 9251
008 160829s1937 xx 000 0 cat d
080 |a L-1-70 
100 |a Benguerel, Xavier  |9 28806 
245 |a El Casament de la Xela :  |b  comèdia en tres actes / Xavier Benguerel 
260 |a Barcelona :  |b Generalitat de Catalunya. Departament de Cultura,  |c 1937 
300 |a 125 p. ;  |c 24 cm 
590 |a 'Premi Iglesias 1936'.  
590 |a Amb un retrat de l'autor, per Ramon Calsina.  
590 |a Amb un autògraf de l'autor 
700 |a Calsina, Ramon   |9 31657 
710 2 |a Catalunya.  |b Departament de Cultura  |9 52819 
901 |a Arxiu 
942 |n 1 
952 |0 0  |1 0  |4 0  |6 L170  |7 1  |9 46715  |a Arxiu  |b Arxiu  |d 2016-12-01  |l 0  |o L-1-70  |p 9251  |r 2016-12-01 00:00:00  |w 2016-12-01  |y ARXIU 
999 |c 50508  |d 50508